Parasitology and parasitic disease of domesticated animal in cambodia; ប៉ារ៉ាស៊ីតសាស្រ្ត និងជំងឺបង្កដោយប៉ារ៉ាស៊ីតចំពោះសត្វស្រុក នៅកម្ពុជា (Record no. 9047)
[ view plain ]
| 000 -LEADER | |
|---|---|
| fixed length control field | 00498nam a22001217a 4500 |
| 040 ## - CATALOGING SOURCE | |
| Transcribing agency | SK |
| 082 ## - DEWEY DECIMAL CLASSIFICATION NUMBER | |
| Classification number | 591 |
| 100 ## - MAIN ENTRY--AUTHOR NAME | |
| Personal name | សួន សុធឿន |
| 245 ## - TITLE STATEMENT | |
| Title | Parasitology and parasitic disease of domesticated animal in cambodia; ប៉ារ៉ាស៊ីតសាស្រ្ត និងជំងឺបង្កដោយប៉ារ៉ាស៊ីតចំពោះសត្វស្រុក នៅកម្ពុជា |
| 260 ## - PUBLICATION, DISTRIBUTION, ETC. (IMPRINT) | |
| Place of publication | RUA |
| Name of publisher | សួន |
| Year of publication | 1995 |
| 300 ## - PHYSICAL DESCRIPTION | |
| Number of Pages | 218p. |
| 942 ## - ADDED ENTRY ELEMENTS (KOHA) | |
| Koha item type | សៀវភៅភាសាខ្មែរ |
| 952 ## - LOCATION AND ITEM INFORMATION (KOHA) | |
| Withdrawn status [LOCAL, KOHA] | 0 |
| 952 ## - LOCATION AND ITEM INFORMATION (KOHA) | |
| Withdrawn status [LOCAL, KOHA] | 0 |
| Permanent Location | Date acquired | Koha item type | Lost status | Shelving location | Barcode | Current Location | Full call number |
|---|---|---|---|---|---|---|---|
| Library Block C | 2016-08-23 | សៀវភៅភាសាខ្មែរ | C165 | RUA062310 | Library Block C | 591 សួន 1995 C165 | |
| Library Block C | 2016-09-05 | សៀវភៅភាសាខ្មែរ | C185 | RUA44013 | Library Block C | 591 សួន 1995 C185 |